000 00855nam a2200217Ia 4500
003 GCL
008 140319s9999 xx 000 0 ara d
040 _aGCL /
_cGCL
082 0 4 _a616.959
_bن ا
100 1 _aنيفين حسين شمت
245 1 0 _aانفلونزا الطيور ( كتاب الاهرام الاقتصادى - العدد 230 - نوفمبر 2006 ) :
_bالحقائق والمحاذير /
_cنيفين حسين شمت
260 _aالقاهرة :
_bمؤسسة الاهرام ،
_c2006
300 _a112 ص ؛
_c24 سم
490 _aكتاب الاهرام الاقتصادى
_v0
650 0 4 _aانفلونزا الطيور
650 0 4 _aالطيور - امراض
650 0 4 _aالطيور كناقلة امراض
650 0 4 _aالفيروسات الحيوانية
650 0 4 _aالدواجن - امراض
942 _2ddc
_cBK
999 _c8995
_d8995